Saber hacer : geografía de américa /

Guardado en:
Autor Principal: Almirón, Analía
Otros Autores: Comparini, María Luján, Díaz, Laura, Sgubin, Nadina
Formato: Libro
Publicado: Buenos Aires : Estrada, 2009
Series:Confluencias
Materias:
Etiquetas: Agregar Etiqueta
Sin Etiquetas, Sea el primero en etiquetar este registro!
LEADER 01170nam a22002775a 4500
001 CEM.cems013228
005 20091127101452.0
008 130507s2009##################000#0#####d
003 CEMS
020 |a 9789500111584 
082 0 4 |a 918 
100 1 |a Almirón, Analía 
245 1 0 |a Saber hacer :  |b geografía de américa /  |c Analía Almirón ... [et Al.] 
260 |a Buenos Aires :  |b Estrada,  |c 2009 
300 |a 48 p. 
490 0 |a Confluencias 
500 |a Cuadernillo de procedimientos 
505 0 |a Imágenes de América -- Canadá y Guayana Francesa: la organización política y el territorio -- Las geoformas de América -- Diversidad y conservación en América del Sur -- Los relatos de la vulnerabilidad -- Los mapuches en Chile -- América Latina urbanizada -- El agro mexicano y el TLCAN -- Ecuador y Colombia: más allá de los bloques económicos 
653 |a Geografía 
653 |a Geografía de américa 
653 |a Geografía de américa-actividades 
653 |a América-geografía 
700 1 |a Comparini, María Luján 
700 1 |a Díaz, Laura 
700 1 |a Sgubin, Nadina 
859 |a CEMS  |b BIB. CEMS - 11 de abril  |h 918  |i Al66-1  |p 25726.09  |t Ej.1